| 000 | 00566nam a2200169 a 4500 | ||
|---|---|---|---|
| 001 | 5765 | ||
| 003 | CDMR | ||
| 005 | 20131018163942.0 | ||
| 008 | 130130s ||||||||||||||||||||||||||||d | ||
| 040 |
_aCDMR _bcat _cCDMR |
||
| 245 | 3 |
_aLa reproducción de grabados en blanco y negro en los diarios _b: la preparación del "arte" de los grabados y de los materiales para la duplicación de originales |
|
| 260 |
_aNew York _bCentro Técnico de la SIP _c[s.d.] |
||
| 300 |
_a32 p. _c30 cm |
||
| 650 | 0 | 4 |
_94138 _aArts gràfiques |
| 650 | 0 | 4 |
_92796 _aImpremta |
| 942 |
_cFULLET _2udc |
||
| 999 |
_c5765 _d5765 |
||